000 00276nam a22001097a 4500
005 20251014110959.0
008 251014b |||||||| |||| 00| 0 eng d
040 _cPK-LaNCA
082 _a720.108
_bMAS
245 _aMasters of light : designing the luminous house
942 _cBK
999 _c67046
_d67046